Vita nel tempo : lettere, 1905-1968 /

में बचाया:
ग्रंथसूची विवरण
मुख्य लेखक: Comisso, Giovanni, (1895-1969) (लेखक)
अन्य लेखक: Naldini, Nico
स्वरूप: पुस्तक
भाषा:इतालवी
प्रकाशित: Milano : Longanesi, [1989]
श्रृंखला:La gaja scienza ; 284
विषय:
टैग: टैग जोड़ें
कोई टैग नहीं, इस रिकॉर्ड को टैग करने वाले पहले व्यक्ति बनें!

MARC

LEADER 00000nam a22000007i 4500
001 IT\ICCU\CFI\0205941
003 ItRI
005 20260115231904.0
008 920511s1989 it |||||| ||||| |||||c
020 |a 8830409049 
040 |b ita  |c importazione bologna sebina 
041 7 |a ita  |2 ISO-639-2 
082 |a 853.914  |9 NARRATIVA ITALIANA, 1945-1999  |2 23 
100 1 |a Comisso, Giovanni,  |d  (1895-1969)  |0 IT\ICCU\CFIV\000223  |4 aut 
245 1 0 |a Vita nel tempo :  |b lettere, 1905-1968 /  |c di Giovanni Comisso ; a cura di Nico Naldini. 
260 |a Milano :  |b Longanesi,  |c [1989] 
300 |a 343 p. ;  |c 21 cm. 
650 7 |a Comisso, Giovanni  |x Lettere e carteggi  |2 scbi 
700 1 |a Naldini, Nico  |0 IT\ICCU\CFIV\022524 
790 1 |a Naldini, Domenico,  |d  (1929-2020)  |3 IT\ICCU\AUFV\001378  |z Naldini, Nico 
830 3 |a La gaja scienza ;  |v 284  |0 IT\ICCU\CFI\0000487 
942 |2 ddc  |c BK  |n 0 
952 |0 0  |1 0  |4 0  |6 DOC_853_912000000000000_COM  |7 0  |9 15475  |a BO  |b BO  |d 2026-01-15  |i 2062  |l 0  |o DOC 853.912 COM  |p BO2062  |r 2026-01-15 23:19:04  |w 2026-01-15  |x [Sebina 5] [1 v.]  |y BK  |z 1 v. 
999 |c 13321  |d 13321